Optimalizácia riadenia zásob a skladového hospodárstva v podniku IKEA Industry Slovakia s. r. o., odštepný závod Trnava

Saved in:
Bibliographic Details
Main Author: Selnekovičová, Monika, 1991- (Author)
Other Authors: Beňo, Rastislav, 1983- (Thesis advisor)
Format: Manuscript Book
Language:Slovak
Published: 2015
Subjects:
Online Access:http://is.stuba.sk/zp/portal_zp.pl?podrobnosti=109988
Tags: Add Tag
No Tags, Be the first to tag this record!

MARC

LEADER 00000ntm a22000003a 4500
001 stuzp50092
003 SK-STU
005 20160719153441.9
007 ta
008 150427s2015----xo-----f-mn---000-0-slo-d
040 |a STU  |b slo 
041 0 |a slo 
100 1 |a Selnekovičová, Monika,  |d 1991-  |u 064000  |4 aut  |U MTF Materiálovotechnologická fakulta  |T MTF Ústav priemyselného inžinierstva a manažmentu  |X 6614  |U M4000  |Y 84  |7 A000006614 
242 0 1 |a Optimization of inventory management and warehouse management in the company IKEA Industry Slovakia s. r. o., plant Trnava  |y eng 
245 1 0 |a Optimalizácia riadenia zásob a skladového hospodárstva v podniku IKEA Industry Slovakia s. r. o., odštepný závod Trnava 
260 |c 2015 
650 4 |a optimalizácia úrovne zásob  |2 slo 
650 4 |a zásoby  |2 slo 
650 4 |a riadenie zásob  |2 slo 
650 4 |a skladové hospodárstvo  |2 slo 
650 4 |a inventory management  |2 eng 
650 4 |a warehouse management  |2 eng 
650 4 |a inventory  |2 eng 
650 4 |a optimization of inventory level  |2 eng 
700 1 |a Beňo, Rastislav,  |d 1983-  |4 ths  |X 34860  |7 A000034860 
856 4 |u http://is.stuba.sk/zp/portal_zp.pl?podrobnosti=109988 
996 |c M* DP-12232  |l MMSKP  |s P  |a 0  |w stuzp50092_0001 
SQL |a stuzp50092  |b DDP  |c SLO  |d Optimalizácia riadenia zásob a skladového hospodárstva v podniku IKEA Industry Slovakia s. r. o., odštepný závod Trnava  |e 6614  |f Selnekovičová, Monika  |g 064000  |h 34860  |i Beňo, Rastislav  |j 20150601  |k 189  |l 06  |m http://is.stuba.sk/zp/portal_zp.pl?podrobnosti=109988  |n I-PMA  |o 5.2.52. priemyselné inžinierstvo